[Event "XXVIII C.to Italiano femminile"]
[Site "Imperia ITA"]
[Date "2001.09.02"]
[Round "1"]
[White "Fittante, Giuliana"]
[Black "Santurbano, Maria Vincenza"]
[Result "1/2-1/2"]
[WhiteElo "2011"]
[BlackElo "1657"]
[PlyCount "72"]
[EventDate "2001.09.02"]

1. d4 Nf6 2. Nf3 g6 3. Bf4 Bg7 4. Nbd2 d6 5. e4 O-O 6. c3 Nbd7 7. Bd3 e5 8. Bg5
Qe8 9. O-O h6 10. Bh4 Nh5 11. Re1 Kh7 12. Nf1 Nf4 13. Bc2 Nf6 14. Bxf6 Bxf6 15.
Ne3 Bd7 16. Nd5 Nxd5 17. exd5 Qe7 18. dxe5 dxe5 19. h3 Rae8 20. a4 Qc5 21. a5
Bg7 22. Qd2 f5 23. b4 Qc4 24. Re3 e4 25. Nh2 Re5 26. Rd1 Rf6 27. Qd4 Qxd4 28.
Rxd4 Rd6 29. c4 c6 30. Bb3 cxd5 31. Rxd5 Rexd5 32. cxd5 Be5 33. Re1 Bc3 34. Rc1
Bxb4 35. Rc7 Bxa5 36. Rxb7 Kg8 1/2-1/2

[Event "XXVIII C.to Italiano femminile"]
[Site "Imperia ITA"]
[Date "2001.09.02"]
[Round "1"]
[White "Nenzi, Laura"]
[Black "Nazarova, Olga"]
[Result "1-0"]
[WhiteElo "1471"]
[BlackElo "1621"]
[PlyCount "37"]
[EventDate "2001.09.02"]

1. e4 d6 2. d4 Nf6 3. Nc3 g6 4. f4 Bg7 5. Nf3 O-O 6. Bd3 Bg4 7. h3 Bxf3 8. Qxf3
c6 9. Be3 Qb6 10. Rb1 Nfd7 11. e5 d5 12. f5 a6 13. h4 Qd8 14. h5 Qe8 15. Qh3 g5
16. f6 Nxf6 17. exf6 exf6 18. Qf5 Qxe3+ 19. Ne2 1-0

[Event "XXVIII C.to Italiano femminile"]
[Site "Imperia ITA"]
[Date "2001.09.03"]
[Round "2"]
[White "Fittante, Giuliana"]
[Black "Clappa, Ilaria"]
[Result "0-1"]
[WhiteElo "2011"]
[BlackElo "1558"]
[PlyCount "66"]
[EventDate "2001.09.02"]

1. d4 e6 2. Nf3 d5 3. Bg5 Nf6 4. e3 Nbd7 5. Bd3 c6 6. Nbd2 Be7 7. O-O O-O 8. c3
Qc7 9. Re1 Re8 10. Rc1 Bd6 11. h3 e5 12. e4 dxe4 13. Nxe4 Nxe4 14. Bxe4 f6 15.
Qb3+ Kh8 16. Bd2 Nb6 17. c4 c5 18. d5 f5 19. Bb1 Bd7 20. Ng5 Ba4 21. Qf3 g6 22.
Ne6 Qf7 23. Bc3 Bd7 24. Bxe5+ Bxe5 25. Rxe5 Qf6 26. Re2 Bxe6 27. Rxe6 Rxe6 28.
dxe6 Qxe6 29. Qxb7 Qe2 30. b3 Rd8 31. Kh2 Qxf2 32. Qe7 Qf4+ 33. g3 Rd2+ 0-1

[Event "XXVIII C.to Italiano femminile"]
[Site "Imperia ITA"]
[Date "2001.09.03"]
[Round "2"]
[White "Nazarova, Olga"]
[Black "Cassinera, Chiara"]
[Result "1-0"]
[WhiteElo "1621"]
[BlackElo "1600"]
[PlyCount "63"]
[EventDate "2001.09.02"]

1. d4 Nf6 2. c4 g6 3. Nc3 Bg7 4. e4 d6 5. h3 O-O 6. Nf3 Nbd7 7. Bd3 b6 8. O-O
Bb7 9. Re1 e5 10. d5 Nc5 11. Bc2 a5 12. Bg5 h6 13. Bh4 Qd7 14. Qd2 Kh7 15. a3
Qe7 16. Nh2 g5 17. Bg3 Nh5 18. Re3 Bc8 19. Bd1 Nxg3 20. Rxg3 f5 21. exf5 Bxf5
22. Bc2 Bxc2 23. Qxc2+ Kg8 24. Ne2 Rf7 25. Rf1 Raf8 26. Ng4 Qd7 27. Qg6 Kh8 28.
Qh5 Ne4 29. Nxh6 Bxh6 30. Qxh6+ Kg8 31. Qg6+ Rg7 32. Qxe4 1-0

[Event "XXVIII C.to Italiano femminile"]
[Site "Imperia ITA"]
[Date "2001.09.03"]
[Round "2"]
[White "Nenzi, Laura"]
[Black "Capuano, Francesca"]
[Result "1/2-1/2"]
[WhiteElo "1471"]
[BlackElo "2010"]
[PlyCount "69"]
[EventDate "2001.09.02"]

1. e4 e5 2. Nf3 Nf6 3. Nxe5 d6 4. Nf3 Nxe4 5. d4 d5 6. Bd3 Nc6 7. O-O Be7 8.
Re1 Bg4 9. c4 Nf6 10. Nc3 O-O 11. cxd5 Nxd5 12. Nxd5 Qxd5 13. Be4 Qd6 14. Bxc6
bxc6 15. Re4 Be6 16. Bg5 Bxg5 17. Nxg5 Bf5 18. Re5 Qf6 19. Ne4 Bxe4 20. Rxe4
Rfe8 21. Qe2 Kf8 22. Re1 Rxe4 23. Qxe4 g6 24. Qe5 Qxe5 25. dxe5 Rd8 26. f4 Rd2
27. Rc1 Rxb2 28. Rxc6 Rxa2 29. Rxc7 h5 30. g3 a5 31. Ra7 Ke8 32. h3 Kf8 33. Kh1
Kg8 34. Kg1 Kf8 35. Kh1 1/2-1/2

[Event "XXVIII C.to Italiano femminile"]
[Site "Imperia ITA"]
[Date "2001.09.03"]
[Round "2"]
[White "Santurbano, Maria Vincenza"]
[Black "Cucoch, Marisa"]
[Result "1-0"]
[WhiteElo "1657"]
[BlackElo "1404"]
[PlyCount "75"]
[EventDate "2001.09.02"]

1. e4 g6 2. d4 d6 3. Nf3 Bg7 4. c4 Nf6 5. Nc3 Nbd7 6. Be2 c6 7. O-O O-O 8. Qc2
Qc7 9. Be3 e5 10. d5 Ng4 11. Bg5 f6 12. Bh4 Nb6 13. Nd2 g5 14. Bg3 h5 15. h3 h4
16. Bxh4 gxh4 17. hxg4 Kf7 18. Qd3 Rh8 19. Qf3 Bh6 20. Rad1 Bd7 21. Rfe1 Rag8
22. Qh3 Bf4 23. Nf1 Ke7 24. c5 Nc8 25. dxc6 bxc6 26. cxd6+ Nxd6 27. Rd3 Nf7 28.
Red1 Ng5 29. Rxd7+ Qxd7 30. Rxd7+ Kxd7 31. Qd3+ Ke6 32. Qc4+ Kd6 33. Na4 h3 34.
Qc5+ Kc7 35. Qxa7+ Kd6 36. Qc5+ Kd7 37. Nb6+ Kc7 38. Nd5+ 1-0

[Event "XXVIII C.to Italiano femminile"]
[Site "Imperia ITA"]
[Date "2001.09.03"]
[Round "2"]
[White "Vittimberga, Valeria"]
[Black "Ceccaroni, Penny"]
[Result "1-0"]
[WhiteElo "1395"]
[BlackElo "1464"]
[PlyCount "99"]
[EventDate "2001.09.02"]

1. e4 e5 2. Nf3 d6 3. Nc3 Bg4 4. Be2 Nc6 5. O-O Nd4 6. Nxd4 exd4 7. Bxg4 dxc3
8. dxc3 Nf6 9. Bf3 c6 10. Bf4 Be7 11. Qd2 O-O 12. Rfd1 d5 13. exd5 cxd5 14.
Bxd5 Nxd5 15. Qxd5 Qxd5 16. Rxd5 Bf6 17. Rad1 h6 18. Rd7 b6 19. Rc7 Rfd8 20.
Rdd7 Re8 21. Kf1 a5 22. Rxf7 Re6 23. Be3 Rd8 24. Rfd7 Rde8 25. g3 R8e7 26. Rxe7
Bxe7 27. Rb7 Bf6 28. Rxb6 Re8 29. Rb5 a4 30. a3 Rd8 31. Ke2 Ra8 32. Bd4 Be7 33.
Rd5 Re8 34. Kd3 Rf8 35. Bc5 Bxc5 36. Rxc5 Rxf2 37. Re5 Rxh2 38. Re3 Rh1 39. c4
Rb1 40. Kc3 Rd1 41. c5 Rd8 42. Kc4 Rb8 43. b3 axb3 44. cxb3 Rc8 45. b4 h5 46.
b5 g5 47. b6 g4 48. Kb5 Rf8 49. b7 Rf3 50. b8=Q+ 1-0

[Event "XXVIII C.to Italiano femminile"]
[Site "Imperia ITA"]
[Date "2001.09.04"]
[Round "3"]
[White "Capuano, Francesca"]
[Black "Vittimberga, Valeria"]
[Result "1/2-1/2"]
[WhiteElo "2010"]
[BlackElo "1395"]
[PlyCount "93"]
[EventDate "2001.09.02"]

1. d4 f5 2. Nc3 Nf6 3. Bg5 e6 4. g4 fxg4 5. e4 h6 6. Bxf6 Qxf6 7. Qxg4 Qxd4 8.
Qh5+ Kd8 9. Nf3 Qf6 10. Ne5 Rg8 11. Rg1 g5 12. Nd3 Qg6 13. Qf3 Nc6 14. O-O-O b6
15. Qg3 Bd6 16. f4 a6 17. e5 Be7 18. Bg2 Bb7 19. Bf3 Rb8 20. Kb1 b5 21. Qg2 Kc8
22. h4 Nb4 23. Bxb7+ Rxb7 24. Nxb4 Bxb4 25. Rxd7 Bxc3 26. bxc3 Qf5 27. Qd2 Qxf4
28. Qxf4 gxf4 29. Rdg7 Rf8 30. Rg8 Rxg8 31. Rxg8+ Kd7 32. Rf8 b4 33. Rxf4 bxc3+
34. Kc1 Rb5 35. Ra4 Rxe5 36. Kd1 Rd5+ 37. Kc1 Rd6 38. a3 Rc6 39. Ra5 Ke7 40.
Rh5 Kf6 41. Rxh6+ Kg7 42. Rh5 Rc4 43. Kb1 Kf6 44. Ka2 Rf4 45. Kb3 Rf3 46. Rc5
Rf4 47. Rxc7 1/2-1/2

[Event "XXVIII C.to Italiano femminile"]
[Site "Imperia ITA"]
[Date "2001.09.04"]
[Round "3"]
[White "Ceccaroni, Penny"]
[Black "Cassinera, Chiara"]
[Result "0-1"]
[WhiteElo "1464"]
[BlackElo "1600"]
[PlyCount "132"]
[EventDate "2001.09.02"]

1. Nf3 d5 2. d4 Nf6 3. e3 Nc6 4. Bb5 Bd7 5. Nc3 a6 6. Bd3 e6 7. O-O Bd6 8. h3
O-O 9. Bd2 e5 10. dxe5 Nxe5 11. Nxe5 Bxe5 12. Qf3 Bc6 13. Qf5 Qe7 14. Rab1 h6
15. e4 Bxc3 16. exd5 Bxd2 17. dxc6 bxc6 18. a3 Qd7 19. Qf3 Ba5 20. b4 Bb6 21.
Rbd1 Qc8 22. Qxc6 Qe6 23. Qf3 c5 24. Bf5 Qe7 25. Rfe1 Qc7 26. bxc5 Qxc5 27. a4
Rad8 28. Bd3 a5 29. Re2 Rfe8 30. Rxe8+ Rxe8 31. Qf5 Qxf5 32. Bxf5 Rd8 33. Rxd8+
Bxd8 34. Bd3 Nd5 35. Bb5 Nc3 36. Bc6 f5 37. Kf1 Kf7 38. f4 g5 39. fxg5 hxg5 40.
Kf2 Ke6 41. Ke3 Ke5 42. Kd3 Nd5 43. Ke2 Nb4 44. Bb5 Nxc2 45. Kd2 Nd4 46. Bd7 f4
47. Bg4 Ke4 48. Ke1 f3 49. gxf3+ Nxf3+ 50. Kf2 Ne5 51. Bh5 Kf4 52. Kg2 g4 53.
hxg4 Nxg4 54. Bxg4 Kxg4 55. Kf2 Kf4 56. Ke2 Ke4 57. Kd2 Kd4 58. Kc2 Kc4 59. Kb2
Kb4 60. Ka2 Kxa4 61. Kb2 Bf6+ 62. Ka2 Kb4 63. Kb1 Kb3 64. Kc1 a4 65. Kb1 a3 66.
Kc1 a2 0-1

[Event "XXVIII C.to Italiano femminile"]
[Site "Imperia ITA"]
[Date "2001.09.04"]
[Round "3"]
[White "Clappa, Ilaria"]
[Black "Santurbano, Maria Vincenza"]
[Result "1-0"]
[WhiteElo "1558"]
[BlackElo "1657"]
[PlyCount "99"]
[EventDate "2001.09.02"]

1. d4 Nf6 2. Nf3 g6 3. c4 Bg7 4. Nc3 O-O 5. Bg5 h6 6. Bh4 d6 7. h3 a5 8. Qd2
Nbd7 9. e4 e5 10. Bxf6 Qxf6 11. d5 Nc5 12. b3 Qe7 13. Qc2 Nxe4 14. Nxe4 f5 15.
Bd3 fxe4 16. Bxe4 Bf5 17. Nd2 Qf6 18. O-O Qh4 19. Rae1 Rf7 20. Nf3 Qh5 21. Re3
Raf8 22. g4 Bxe4 23. Qxe4 Qxh3 24. Nxe5 Qxf1+ 25. Kxf1 Rxf2+ 26. Kg1 Rf1+ 27.
Kg2 R1f2+ 28. Kg1 Rf1+ 29. Kg2 R1f2+ 30. Kh1 Rf1+ 31. Kg2 R1f2+ 32. Kh3 Bxe5
33. Qxg6+ Kh8 34. Qxh6+ Kg8 35. Qg6+ Kh8 36. Kh4 Rh2+ 37. Rh3 Rxh3+ 38. Kxh3
Rf3+ 39. Kh4 Rf6 40. Qe8+ Kg7 41. Qe7+ Rf7 42. Qg5+ Kh8 43. Qd8+ Kg7 44. Kh5
Bf6 45. Qa8 b6 46. Qc6 Be5 47. Qe8 Bf6 48. Qe4 Kh8 49. Kg6 Kg8 50. Qe6 1-0

[Event "XXVIII C.to Italiano femminile"]
[Site "Imperia ITA"]
[Date "2001.09.04"]
[Round "3"]
[White "Decataldo, Alba"]
[Black "Nenzi, Laura"]
[Result "1-0"]
[WhiteElo "1887"]
[BlackElo "1471"]
[PlyCount "33"]
[EventDate "2001.09.02"]

1. e4 e5 2. Nf3 Nc6 3. d4 exd4 4. c3 d5 5. e5 Bg4 6. Bb5 dxc3 7. bxc3 Bc5 8.
Qa4 Nge7 9. Qxg4 O-O 10. O-O a6 11. Bd3 Ng6 12. Re1 d4 13. Bg5 Qd5 14. Be4 Qc4
15. Bxc6 bxc6 16. cxd4 Rad8 17. Bxd8 1-0

[Event "XXVIII C.to Italiano femminile"]
[Site "Imperia ITA"]
[Date "2001.09.04"]
[Round "3"]
[White "Nazarova, Olga"]
[Black "Fittante, Giuliana"]
[Result "1-0"]
[WhiteElo "1621"]
[BlackElo "2011"]
[PlyCount "135"]
[EventDate "2001.09.02"]

1. d4 Nf6 2. c4 c5 3. d5 b5 4. e3 b4 5. Nf3 g6 6. g3 Bg7 7. Nbd2 O-O 8. Bg2 d6
9. e4 Nbd7 10. O-O Ng4 11. Rb1 Nge5 12. Qc2 a5 13. b3 a4 14. Nxe5 Nxe5 15. Bb2
axb3 16. axb3 Ra2 17. Kh1 Nd3 18. Qxd3 Bxb2 19. Qc2 Qa5 20. Rxb2 Ra3 21. Qc1
Bd7 22. Nf3 Ra8 23. Qh6 f6 24. Rbb1 Ra2 25. Bh3 Bxh3 26. Qxh3 Qc7 27. Qh6 Qd7
28. Kg2 R8a3 29. h4 Qg4 30. Qe3 Rc2 31. Rfc1 Rca2 32. Qd3 Ra7 33. Qd1 Qxe4 34.
Ra1 R2a3 35. Rxa3 Rxa3 36. Qe1 Qxe1 37. Rxe1 Rxb3 38. Rxe7 Rc3 39. Nd2 f5 40.
Re3 Rc2 41. Rd3 Kf7 42. Kf3 Kf6 43. Ke3 h6 44. Ke2 Ra2 45. Re3 Ra6 46. Re6+ Kg7
47. Re7+ Kf6 48. Re6+ Kg7 49. Kf3 g5 50. h5 Ra2 51. Rg6+ Kh7 52. Ke2 Ra6 53.
Rf6 f4 54. gxf4 gxf4 55. Rxf4 Kg7 56. Rg4+ Kh7 57. Rg6 Rb6 58. Nb3 Ra6 59. f4
Ra2+ 60. Nd2 Ra3 61. Rxd6 Rh3 62. Rc6 Rxh5 63. Rxc5 Rh2+ 64. Kd3 Kg6 65. Rb5
Rh3+ 66. Ke4 Rh2 67. Nb3 Re2+ 68. Kf3 1-0

[Event "XXVIII C.to Italiano femminile"]
[Site "Imperia ITA"]
[Date "2001.09.05"]
[Round "4"]
[White "Capuano, Francesca"]
[Black "Nazarova, Olga"]
[Result "1/2-1/2"]
[WhiteElo "2010"]
[BlackElo "1621"]
[PlyCount "63"]
[EventDate "2001.09.02"]

1. d4 Nf6 2. Nf3 e6 3. Bg5 d5 4. e3 c5 5. c3 Be7 6. Nbd2 O-O 7. Bd3 Nbd7 8. Ne5
cxd4 9. cxd4 Nxe5 10. dxe5 Nd7 11. Bf4 h6 12. Nf3 f6 13. Bg3 fxe5 14. Nxe5 Nxe5
15. Bxe5 Qb6 16. Qc2 Bf6 17. Bxf6 Rxf6 18. O-O Bd7 19. Kh1 Bb5 20. Bxb5 Qxb5
21. Rae1 e5 22. Qe2 Qxe2 23. Rxe2 Re8 24. Rd1 Rd6 25. Kg1 Kf7 26. Red2 Red8 27.
Kf1 Kf6 28. Ke2 g5 29. Rd3 Kf5 30. R3d2 Kg6 31. Rd3 Kf5 32. R3d2 1/2-1/2

[Event "XXVIII C.to Italiano femminile"]
[Site "Imperia ITA"]
[Date "2001.09.05"]
[Round "4"]
[White "Cassinera, Chiara"]
[Black "Cucoch, Marisa"]
[Result "1-0"]
[WhiteElo "1600"]
[BlackElo "1404"]
[PlyCount "117"]
[EventDate "2001.09.02"]

1. e4 d6 2. d4 g6 3. Nc3 Bg7 4. Nf3 Nf6 5. Be3 O-O 6. Bc4 c6 7. a4 Qa5 8. O-O
Bg4 9. h3 Bxf3 10. Qxf3 Qb4 11. Bb3 Nbd7 12. Na2 Qa5 13. c3 e5 14. Bc2 exd4 15.
cxd4 c5 16. dxc5 dxc5 17. Qe2 Ne5 18. f4 Nc6 19. Qd2 Qxd2 20. Bxd2 Nd4 21. Bd3
Nb3 22. Rad1 Nxd2 23. Rxd2 Rfd8 24. Rfd1 Rd4 25. Nc3 Rad8 26. b3 Rxd3 27. Rxd3
Re8 28. Rd8 Kf8 29. Rxe8+ Kxe8 30. e5 Nh5 31. Nd5 Ng3 32. Kf2 Nf5 33. g4 Nd4
34. b4 b6 35. bxc5 bxc5 36. Rc1 Ne6 37. Ke3 h6 38. h4 Kd7 39. Ke4 Kc6 40. f5
gxf5+ 41. gxf5 Nd4 42. Ne7+ Kb6 43. Nc8+ Kc6 44. Nxa7+ Kb6 45. Nc8+ Kc6 46. Nd6
Bxe5 47. Kxe5 Nf3+ 48. Kf4 Nxh4 49. Nxf7 Ng2+ 50. Kg3 Ne3 51. Nxh6 Nd5 52. Ng4
Ne7 53. f6 Nf5+ 54. Kf4 Nd6 55. Nh6 Ne8 56. f7 Nc7 57. Ke5 Kd7 58. f8=Q Ne8 59.
Qxc5 1-0

[Event "XXVIII C.to Italiano femminile"]
[Site "Imperia ITA"]
[Date "2001.09.05"]
[Round "4"]
[White "Clappa, Ilaria"]
[Black "Decataldo, Alba"]
[Result "0-1"]
[WhiteElo "1558"]
[BlackElo "1887"]
[PlyCount "130"]
[EventDate "2001.09.02"]

1. d4 d5 2. Nf3 Nc6 3. c4 Bg4 4. e3 Nf6 5. Nc3 e6 6. cxd5 exd5 7. Bd3 Bb4 8.
O-O O-O 9. Be2 Re8 10. Qc2 Ne4 11. Nxe4 dxe4 12. Ne1 Bxe2 13. Qxe2 Qh4 14. f3
Bd6 15. g3 Qh5 16. Qf2 f5 17. fxe4 fxe4 18. Qf5 Qe2 19. Qf2 Qc4 20. Qc2 Qb5 21.
Ng2 Kh8 22. Bd2 Rf8 23. Qxe4 Qe2 24. Bc3 Rac8 25. Rxf8+ Rxf8 26. Nf4 Bxf4 27.
gxf4 Qh5 28. d5 Nd8 29. Kh1 Re8 30. Qg2 Qf7 31. Rg1 Re7 32. e4 c6 33. d6 Rd7
34. e5 Ne6 35. Qg4 Qxf4 36. Qxf4 Nxf4 37. Re1 Ne6 38. Kg2 Kg8 39. Rf1 h6 40.
Kg3 Ng5 41. Re1 Kf7 42. h4 Ne6 43. Kg4 Ke8 44. Kf5 Nf8 45. h5 Rf7+ 46. Kg4 Kd7
47. a4 Ke6 48. Re4 Rf1 49. Rf4 Rg1+ 50. Kf3 Nd7 51. Ke4 Nxe5 52. Rf8 Nd7 53.
Rg8 Kxd6 54. Rxg7 Ra1 55. Rg6+ Kc7 56. b3 Ra3 57. Bd2 Rxb3 58. Bf4+ Kb6 59.
Bxh6 Rh3 60. Be3+ Nc5+ 61. Kf4 Rxh5 62. Rg1 Ka5 63. Rc1 Nxa4 64. Bd2+ Ka6 65.
Ra1 b5 0-1

[Event "XXVIII C.to Italiano femminile"]
[Site "Imperia ITA"]
[Date "2001.09.05"]
[Round "4"]
[White "Fittante, Giuliana"]
[Black "Nenzi, Laura"]
[Result "1-0"]
[WhiteElo "2011"]
[BlackElo "1471"]
[PlyCount "23"]
[EventDate "2001.09.02"]

1. d4 d5 2. Nf3 Nf6 3. Bg5 e6 4. e3 Be7 5. Bd3 Nbd7 6. Nbd2 O-O 7. c3 b6 8. Qa4
Bb7 9. Ne5 Nxe5 10. dxe5 Nd7 11. Qh4 h6 12. Bxe7 1-0

[Event "XXVIII C.to Italiano femminile"]
[Site "Imperia ITA"]
[Date "2001.09.05"]
[Round "4"]
[White "Santurbano, Maria Vincenza"]
[Black "Vittimberga, Valeria"]
[Result "1/2-1/2"]
[WhiteElo "1657"]
[BlackElo "1395"]
[PlyCount "127"]
[EventDate "2001.09.02"]

1. e4 e6 2. d4 d5 3. Nc3 Nf6 4. e5 Nfd7 5. Nf3 Be7 6. Be2 O-O 7. O-O c5 8. Bf4
Nc6 9. dxc5 Bxc5 10. Na4 Be7 11. c4 dxc4 12. Bxc4 Qa5 13. Nc3 Ndxe5 14. Nxe5
Nxe5 15. Bb3 Ng6 16. Bd2 Qc7 17. Rc1 Qd8 18. Qe2 b6 19. Rfd1 Bg5 20. Bxg5 Qxg5
21. Qf3 Rb8 22. Ne4 Qf4 23. Qxf4 Nxf4 24. Rc7 Rb7 25. Rc4 Nd5 26. Nd6 Rb8 27.
Rcc1 Rd8 28. Nb5 a6 29. Na7 Bb7 30. Nc6 Bxc6 31. Rxc6 Kf8 32. g3 Ke7 33. Bc2
Rd7 34. Ba4 Rd6 35. Rcc1 Rbd8 36. a3 b5 37. Bb3 Nb6 38. Rxd6 Rxd6 39. Rc2 f5
40. Re2 Kf6 41. f4 h6 42. h4 Nc4 43. Kf2 g5 44. a4 g4 45. axb5 axb5 46. Rc2
Rd2+ 47. Rxd2 Nxd2 48. Bc2 e5 49. Bd3 b4 50. Ke3 Nf3 51. fxe5+ Kxe5 52. Bc2 Nd4
53. Bd3 Ne6 54. Be2 h5 55. Bc4 f4+ 56. gxf4+ Nxf4 57. Bf7 Kf5 58. b3 Ng2+ 59.
Kf2 Nxh4 60. Bxh5 Kf4 61. Bxg4 Kxg4 62. Ke3 Nf5+ 63. Kd3 Nd6 64. Kd4 1/2-1/2

[Event "XXVIII C.to Italiano femminile"]
[Site "Imperia ITA"]
[Date "2001.09.05"]
[Round "5"]
[White "Cassinera, Chiara"]
[Black "Decataldo, Alba"]
[Result "1/2-1/2"]
[WhiteElo "1600"]
[BlackElo "1887"]
[PlyCount "125"]
[EventDate "2001.09.02"]

1. e4 e5 2. Nf3 Nc6 3. Bb5 a6 4. Bxc6 dxc6 5. O-O Bd6 6. d4 Bg4 7. Be3 Nf6 8.
Nc3 O-O 9. dxe5 Bxf3 10. Qxf3 Bxe5 11. Rad1 Qe7 12. Bd4 Rad8 13. Bxe5 Qxe5 14.
Rfe1 b5 15. a3 c5 16. b4 cxb4 17. axb4 c6 18. h3 Rd4 19. Rxd4 Qxd4 20. e5 Nd5
21. Nxd5 cxd5 22. c3 Qc4 23. Rd1 Rd8 24. Qd3 Qxd3 25. Rxd3 Kf8 26. f4 Ke7 27.
Kf2 h5 28. g4 hxg4 29. hxg4 Ke6 30. Ke3 Rc8 31. Kd2 g6 32. Rd4 Rh8 33. Rd3 g5
34. fxg5 Kxe5 35. Rf3 Rh4 36. Rxf7 Rxg4 37. Ra7 Rxg5 38. Rxa6 d4 39. Rb6 Ke4
40. Re6+ Kd5 41. Rb6 dxc3+ 42. Kxc3 Rg3+ 43. Kb2 Kc4 44. Rf6 Kxb4 45. Rf4+ Ka5
46. Rf5 Rg4 47. Rf8 Kb4 48. Rf3 Rg2+ 49. Kb1 Ka4 50. Rf4+ b4 51. Rf7 Ka3 52.
Rf3+ b3 53. Rf1 Rg3 54. Re1 Rd3 55. Rf1 Kb4 56. Rc1 Rd2 57. Rf1 Kc3 58. Rg1 Rh2
59. Rc1+ Rc2 60. Rf1 Kd2 61. Rf2+ Kd1 62. Rf1+ Ke2 63. Rh1 1/2-1/2

[Event "XXVIII C.to Italiano femminile"]
[Site "Imperia ITA"]
[Date "2001.09.05"]
[Round "5"]
[White "Cucoch, Marisa"]
[Black "Ceccaroni, Penny"]
[Result "1-0"]
[WhiteElo "1404"]
[BlackElo "1464"]
[PlyCount "92"]
[EventDate "2001.09.02"]

1. d4 d5 2. c4 e6 3. Nf3 c6 4. Nc3 dxc4 5. e4 b5 6. a4 a6 7. axb5 cxb5 8. Nxb5
Bb4+ 9. Bd2 Bxd2+ 10. Qxd2 Nf6 11. Nc3 Qc7 12. Ne5 Bb7 13. Bxc4 Nxe4 14. Nxe4
Bxe4 15. O-O Qb7 16. f3 Bf5 17. d5 O-O 18. g4 Qb6+ 19. Qf2 Qxf2+ 20. Rxf2 Bg6
21. dxe6 fxe6 22. Bxe6+ Kh8 23. f4 Be8 24. Bd5 Ra7 25. b4 g6 26. Rc1 Nd7 27.
Rc8 Nxe5 28. fxe5 Kg7 29. Rxf8 Kxf8 30. Bc6 Re7 31. Rxe8+ Rxe8 32. Bxe8 Kxe8
33. Kf2 Ke7 34. Ke3 Ke6 35. Kd4 h5 36. h3 hxg4 37. hxg4 g5 38. Ke4 Kd7 39. Kf5
Kc6 40. Kxg5 Kb5 41. e6 Kxb4 42. e7 a5 43. e8=Q a4 44. Qe7+ Kb3 45. Kf5 a3 46.
Qxa3+ Kxa3 1-0

[Event "XXVIII C.to Italiano femminile"]
[Site "Imperia ITA"]
[Date "2001.09.05"]
[Round "5"]
[White "Nazarova, Olga"]
[Black "Clappa, Ilaria"]
[Result "1/2-1/2"]
[WhiteElo "1621"]
[BlackElo "1558"]
[PlyCount "53"]
[EventDate "2001.09.02"]

1. d4 d5 2. c4 e6 3. Nf3 Nf6 4. Bg5 Nbd7 5. e3 c6 6. Bd3 Bb4+ 7. Nbd2 O-O 8.
O-O Qc7 9. Bf4 Bd6 10. Bxd6 Qxd6 11. h3 Re8 12. cxd5 exd5 13. Qc2 Nf8 14. Rac1
Ng6 15. Bxg6 hxg6 16. Ne5 Bf5 17. Qc5 Qxc5 18. Rxc5 Nd7 19. Nxd7 Bxd7 20. Nf3
f6 21. Rfc1 g5 22. Nd2 g4 23. hxg4 Bxg4 24. b4 Bd7 25. b5 Rac8 26. bxc6 bxc6
27. R1c3 1/2-1/2

[Event "XXVIII C.to Italiano femminile"]
[Site "Imperia ITA"]
[Date "2001.09.05"]
[Round "5"]
[White "Santurbano, Maria Vincenza"]
[Black "Capuano, Francesca"]
[Result "1/2-1/2"]
[WhiteElo "1657"]
[BlackElo "2010"]
[PlyCount "64"]
[EventDate "2001.09.02"]

1. e4 e5 2. Nf3 Nf6 3. Nc3 Nc6 4. Bc4 Nxe4 5. Nxe4 d5 6. Bd3 dxe4 7. Bxe4 Bd6
8. d4 exd4 9. Bxc6+ bxc6 10. Qxd4 O-O 11. O-O c5 12. Qc3 Bb7 13. b3 Be7 14. Bf4
Bf6 15. Be5 Bxe5 16. Nxe5 Qd5 17. Qg3 Rfe8 18. Rfe1 Rad8 19. Nc4 Re4 20. Rxe4
Qxe4 21. Ne3 Rd6 22. Qg4 Qxg4 23. Nxg4 Rd2 24. Ne3 f6 25. Kf1 Kf7 26. Ke1 Rd7
27. Rd1 Rxd1+ 28. Kxd1 Ke6 29. Kd2 Ba6 30. Kc3 g6 31. Nc4 Kd5 32. f3 Bxc4
1/2-1/2

[Event "XXVIII C.to Italiano femminile"]
[Site "Imperia ITA"]
[Date "2001.09.05"]
[Round "5"]
[White "Vittimberga, Valeria"]
[Black "Fittante, Giuliana"]
[Result "0-1"]
[WhiteElo "1395"]
[BlackElo "2011"]
[PlyCount "40"]
[EventDate "2001.09.02"]

1. e4 Nf6 2. e5 Nd5 3. d4 d6 4. Nf3 Bg4 5. Be2 c6 6. O-O Bxf3 7. Bxf3 dxe5 8.
dxe5 e6 9. c4 Ne7 10. Qxd8+ Kxd8 11. b3 Nd7 12. Rd1 Kc7 13. Bb2 Ng6 14. Re1 Bb4
15. Re3 Rad8 16. Bh5 Nf4 17. Bf3 Bc5 18. Re4 Nd3 19. Re2 Nxb2 20. Rd2 Nxe5 0-1

[Event "XXVIII C.to Italiano femminile"]
[Site "Imperia ITA"]
[Date "2001.09.06"]
[Round "6"]
[White "Cassinera, Chiara"]
[Black "Clappa, Ilaria"]
[Result "0-1"]
[WhiteElo "1600"]
[BlackElo "1558"]
[PlyCount "56"]
[EventDate "2001.09.02"]

1. e4 e6 2. d4 d5 3. e5 c5 4. c3 Nc6 5. Nf3 Qb6 6. Be3 f6 7. exf6 Nxf6 8. Qc2
Bd7 9. Nbd2 Rc8 10. Be2 Be7 11. h3 O-O 12. Qb3 Qxb3 13. Nxb3 cxd4 14. Nbxd4
Nxd4 15. Bxd4 h6 16. Ne5 Be8 17. O-O Bd6 18. Rac1 b5 19. g4 Ne4 20. Bd3 Bxe5
21. Bxe5 Nd2 22. Bd6 Rf3 23. Be2 Rxh3 24. Rfe1 Nc4 25. Bxc4 Rxc4 26. Rxe6 Rxg4+
27. Bg3 Bg6 28. Ra6 Be4 0-1

[Event "XXVIII C.to Italiano femminile"]
[Site "Imperia ITA"]
[Date "2001.09.06"]
[Round "6"]
[White "Ceccaroni, Penny"]
[Black "Nenzi, Laura"]
[Result "0-1"]
[WhiteElo "1464"]
[BlackElo "1471"]
[PlyCount "70"]
[EventDate "2001.09.02"]

1. Nf3 d5 2. d4 Nf6 3. Nc3 e6 4. e3 Nbd7 5. Bb5 c6 6. Ba4 Be7 7. O-O O-O 8. h3
c5 9. dxc5 Nxc5 10. Bb5 a6 11. Be2 b5 12. b4 Ncd7 13. a3 Bb7 14. Nb1 Rc8 15. c3
Ne4 16. Bb2 Bf6 17. Nd4 Nb6 18. Qd3 Na4 19. Qc2 g6 20. Bd1 e5 21. Ne2 d4 22.
exd4 exd4 23. Qd3 Nxb2 24. Qc2 Na4 25. f3 Nexc3 26. Qd3 Nb2 27. Qd2 Nbxd1 28.
Nbxc3 Nxc3 29. Nxc3 dxc3 30. Qxd8 Rfxd8 31. Rac1 Rd2 32. Rfe1 c2 33. Kf1 Bb2
34. Rb1 cxb1=Q 35. Rxb1 Rc1+ 0-1

[Event "XXVIII C.to Italiano femminile"]
[Site "Imperia ITA"]
[Date "2001.09.06"]
[Round "6"]
[White "Cucoch, Marisa"]
[Black "Vittimberga, Valeria"]
[Result "0-1"]
[WhiteElo "1404"]
[BlackElo "1395"]
[PlyCount "59"]
[EventDate "2001.09.02"]

1. d4 f5 2. g3 Nf6 3. Bg2 g6 4. c4 Bg7 5. Nc3 d6 6. Qb3 c6 7. Nf3 O-O 8. c5+ d5
9. Bf4 Ne4 10. O-O Nd7 11. Nxe4 fxe4 12. Ng5 Nf6 13. Be5 h6 14. Nxe4 Nxe4 15.
Bxe4 Bxe5 16. dxe5 Kg7 17. Rad1 Qa5 18. Bxg6 Kxg6 19. e6 Bxe6 20. Qxb7 Qxc5 21.
Rc1 Qb5 22. Qxe7 Qxe2 23. Rxc6 Rf6 24. Rxe6 Qxe6 25. Qb7 Qc6 26. Qb4 Qd7 27.
Re1 Qf5 28. Qd4 Raf8 29. Re2 h5 30. Qxa7 0-1

[Event "XXVIII C.to Italiano femminile"]
[Site "Imperia ITA"]
[Date "2001.09.06"]
[Round "6"]
[White "Decataldo, Alba"]
[Black "Nazarova, Olga"]
[Result "1-0"]
[WhiteElo "1887"]
[BlackElo "1621"]
[PlyCount "75"]
[EventDate "2001.09.02"]

1. e4 d6 2. d4 Nf6 3. Nc3 g6 4. Nf3 Bg7 5. Be2 O-O 6. O-O c6 7. a4 a5 8. Be3
Nbd7 9. Qd2 e5 10. dxe5 dxe5 11. Rfd1 Qc7 12. Bh6 Nc5 13. Bxg7 Kxg7 14. Qe3 Ne6
15. Bc4 Ng4 16. Qc1 Nd4 17. Rd3 Qb6 18. Nxd4 exd4 19. Ne2 Ne5 20. Rb3 Qc7 21.
Qf4 c5 22. Bd5 Rb8 23. Ng3 Qe7 24. Rb6 Nd7 25. Rb3 Qe5 26. Qh4 Qf6 27. Qg4 Kh8
28. Qe2 Ne5 29. Rf1 b6 30. f4 Nd7 31. f5 Ne5 32. fxg6 Qxg6 33. Nf5 Bxf5 34.
Rxf5 Rfe8 35. Rg3 Qd6 36. Qh5 f6 37. Qh6 Qd7 38. Qxf6+ 1-0